| 000 | 00364nam a2200133Ia 4500 | ||
|---|---|---|---|
| 008 | 251118s9999 xx 000 0 und d | ||
| 082 | _a620.5 NAQ | ||
| 100 | _aNaqvi, Nasreen | ||
| 245 | 0 |
_aCarbon Nanotubes: _ba literature survey |
|
| 260 |
_aKarachi: _bIdara Tazeen e Danish, _c2015 |
||
| 300 | _axvi, 216p. | ||
| 600 | _aElectrical Engineering | ||
| 942 | _cGB | ||
| 999 |
_c31660 _d31660 |
||